ANIMAL NUTRITION (Record no. 16313)
[ view plain ]
| 000 -LEADER | |
|---|---|
| fixed length control field | 00453nam a22001817a 4500 |
| 003 - CONTROL NUMBER IDENTIFIER | |
| control field | OSt |
| 005 - DATE AND TIME OF LATEST TRANSACTION | |
| control field | 20211102143648.0 |
| 008 - FIXED-LENGTH DATA ELEMENTS--GENERAL INFORMATION | |
| fixed length control field | 211102b |||||||| |||| 00| 0 eng d |
| 020 ## - INTERNATIONAL STANDARD BOOK NUMBER | |
| International Standard Book Number | 0070994609 |
| 040 ## - CATALOGING SOURCE | |
| Transcribing agency | HAWASSA UNIVERSITY |
| 050 ## - LIBRARY OF CONGRESS CALL NUMBER | |
| Classification number | 636.08552/MAY |
| Item number | 4 |
| 082 ## - DEWEY DECIMAL CLASSIFICATION NUMBER | |
| Edition number | 7th |
| Classification number | 636.0852/MAY |
| Item number | 4 |
| 100 ## - MAIN ENTRY--PERSONAL NAME | |
| Personal name | MAYNARD LEONARD A. |
| 9 (RLIN) | 16610 |
| 245 ## - TITLE STATEMENT | |
| Title | ANIMAL NUTRITION |
| 260 ## - PUBLICATION, DISTRIBUTION, ETC. | |
| Place of publication, distribution, etc. | NEW DELHI |
| Name of publisher, distributor, etc. | LIMITED |
| Date of publication, distribution, etc. | 1979 |
| 300 ## - PHYSICAL DESCRIPTION | |
| Extent | X/602 |
| 942 ## - ADDED ENTRY ELEMENTS (KOHA) | |
| Source of classification or shelving scheme | Dewey Decimal Classification |
| Koha item type | Books like text book referance book |
| Suppress in OPAC | No |
| Withdrawn status | Lost status | Source of classification or shelving scheme | Damaged status | Not for loan | Home library | Current library | Date acquired | Total Checkouts | Full call number | Barcode | Date last seen | Copy number | Price effective from | Koha item type |
|---|---|---|---|---|---|---|---|---|---|---|---|---|---|---|
| Dewey Decimal Classification | College of Agriculture Library | College of Agriculture Library | 11/02/2021 | 636.0852/MAY | ALIB0007688 | 11/02/2021 | 1 | 11/02/2021 | Books like text book referance book | |||||
| Dewey Decimal Classification | College of Agriculture Library | College of Agriculture Library | 11/02/2021 | 636.0852/MAY | ALIB0007689 | 11/02/2021 | 2 | 11/02/2021 | Books like text book referance book | |||||
| Dewey Decimal Classification | College of Agriculture Library | College of Agriculture Library | 11/02/2021 | 636.0852/MAY | ALIB0007690 | 11/02/2021 | 3 | 11/02/2021 | Books like text book referance book | |||||
| Dewey Decimal Classification | College of Agriculture Library | College of Agriculture Library | 11/02/2021 | 636.0852/MAY | ALIB0007691 | 11/02/2021 | 4 | 11/02/2021 | Books like text book referance book |